1857 के महान् क्रंातिकारी (Record no. 1259075)

MARC details
000 -LEADER
fixed length control field 00753nam a2200193Ia 4500
008 - FIXED-LENGTH DATA ELEMENTS--GENERAL INFORMATION
fixed length control field 151121s9999||||xx |||||||||||||| ||und||
082 ## - DEWEY DECIMAL CLASSIFICATION NUMBER
Classification number 838 / मठप
082 ## - DEWEY DECIMAL CLASSIFICATION NUMBER
Item number HNW-77659
100 ## - MAIN ENTRY--PERSONAL NAME
Personal name कृपाकान्त झा मठपति
245 ## - TITLE STATEMENT
Title 1857 के महान् क्रंातिकारी
260 ## - PUBLICATION, DISTRIBUTION, ETC. (IMPRINT)
Name of publisher, distributor, etc "लिट्रेसी हाऊस,नई दिल्ली।"
260 ## - PUBLICATION, DISTRIBUTION, ETC. (IMPRINT)
Date of publication, distribution, etc --
300 ## - PHYSICAL DESCRIPTION
Extent 280
600 ## - SUBJECT ADDED ENTRY--PERSONAL NAME
Personal name कृपाकान्त झा मठपति
630 ## - SUBJECT ADDED ENTRY--UNIFORM TITLE
Uniform title 1857 के महान् क्रंातिकारी
700 ## - ADDED ENTRY--PERSONAL NAME
Personal name कृपाकान्त झा मठपति
730 ## - ADDED ENTRY--UNIFORM TITLE
Uniform title 1857 के महान् क्रंातिकारी
942 ## - ADDED ENTRY ELEMENTS (KOHA)
Koha item type Book
Holdings
Withdrawn status Lost status Damaged status Not for loan Home library Current library Date acquired Cost, normal purchase price Total Checkouts Full call number Barcode Date last seen Cost, replacement price Price effective from Koha item type
        Hirachand Nemchand Wachanalaya, Solapur Hirachand Nemchand Wachanalaya, Solapur 11/21/2015 200.00   HNW-77659 HNW-77659 11/21/2015 200.00 11/21/2015 Book